| 000 | 00692nam a22002057a 4500 | ||
|---|---|---|---|
| 005 | 20170124110020.0 | ||
| 010 | _aA-835053 | ||
| 020 | _c00.00 | ||
| 035 | _aA-835053 | ||
| 037 | _bCen Lib/Ret | ||
| 040 |
_aDPL _bEN |
||
| 082 |
_a610.7306 _bREF |
||
| 245 |
_aA reform of nursing education : _bfirst report of a special committee on nurse education / |
||
| 260 |
_aLondon _bThe Royal College of Nursing and National Council of Nurses of the U.K _c1964 |
||
| 270 |
_bLondon _aHenrietta Place, Cavendish Square |
||
| 300 |
_aix,57p. : _c22cm(Hb) |
||
| 650 |
_aThe means of reform. _919460 |
||
| 650 |
_aEducation of the nurse. _919461 |
||
| 942 |
_2ddc _cEN _h610.7306 _mREF |
||
| 999 |
_c127118 _d127118 |
||